| 000 | 00737nam a22002417a 4500 | ||
|---|---|---|---|
| 001 | 000590 | ||
| 003 | DO-SdBNP | ||
| 005 | 20180131154831.0 | ||
| 007 | 000590 | ||
| 008 | 161021b 1962 sp ||||| |||| 00| 0 spa d | ||
| 040 |
_aBPMSU _bspa _cBPMSU |
||
| 082 |
_axxxx _bxxxx |
||
| 100 | 1 | _a Blyton, Enid | |
| 240 | 1 | 0 |
_aThe mystery of the missing man. _lEspañol |
| 245 | 1 | 0 |
_aMisterio del fugitivo / _cEnid Blyton ; traducción de C. Peraire del Molino ; ilustraciones de Carlos Freixas. |
| 260 |
_aBarcelona : _bMolino, _c1962. |
||
| 300 |
_a183 p. ; _c19 cm. |
||
| 490 | 1 |
_aAventura _v36 |
|
| 830 | 0 |
_aAventura ; _v36 |
|
| 942 |
_2ddc _cBK |
||
| 945 | _aInventariado, 2018/ YL | ||
| 956 |
_2LOPEREZ _310 _620161021 _8BPMSU _a00041 |
||
| 999 |
_c11659 _d11659 |
||